000 00666nam a2200217 4500
003 OSt
005 20240625024318.0
006 a
008 240625b |||||||| |||| 00| 0 eng d
020 _a9710860305
040 _aDWCL-Main lib.
_cOC
082 _aFil. 629.287 F818a 2000
100 _aFrancisco, Felizardo Y.
245 _aThe automotive drive trains and chassis unit /
260 _aMandaluyong City :
_bNational Book Store,
_cc2000.
300 _axi,
_b186 p. : ill.
_c22 cm.
504 _aIncludes bibliographical references.
650 _a1. Automobiles-Maintenance and repair.
650 _a2. Automobiles.
942 _2ddc
_n0
_cBK - FIL
_kFil.
999 _c1285
_d1285